| 000 | 00812nam a22002657a 4500 | ||
|---|---|---|---|
| 001 | 28691 | ||
| 003 | UA-OsUOA | ||
| 005 | 20220403191413.0 | ||
| 007 | ta | ||
| 008 | 20050420b un ||||| |||| 00| 0 ukr d | ||
| 020 | _a9665121316 | ||
| 040 |
_aUA-OsUOA _bukr _cUA-OsUOA _dUA-OsUOA |
||
| 041 | _aukr | ||
| 044 | _aUA | ||
| 080 | _a929.52 | ||
| 090 |
_a929.52 _bЛ51 |
||
| 245 |
_aЛеся Українка. Сюжети з життя в ілюстраціях і документах _cупоряд. : Н. Чіп, І. Веремєєва |
||
| 260 |
_aК. _bСпалах _c2001 |
||
| 300 |
_a167 с. _bіл. |
||
| 650 | 7 |
_2UDC _y929 Біографічні дослідження |
|
| 700 | 1 |
_aЧіп. Н. _eупоряд. |
|
| 700 | 1 |
_aВеремєєва І. _eупоряд. |
|
| 942 |
_cBK _2udc |
||
| 955 | _a2 | ||
| 999 |
_c315061 _d315061 |
||